[Event "Manhem Chess Week-GM 2019"]
[Site "Moelnlycke"]
[Date "2019.08.14"]
[Round "7.5"]
[White "Ahlander, Bjorn"]
[Black "Haubro, Martin"]
[Result "1/2-1/2"]
[WhiteElo "2391"]
[BlackElo "2356"]
[Annotator "NA"]
[PlyCount "73"]
[EventDate "2019.08.10"]
[EventType "tourn"]
[EventCountry "SWE"]
[SourceTitle "playchess.com"]
[Source "ChessBase"]
[SourceQuality "1"]
[TimeControl "40/5400+30:1800+30"]

1. d4 {[%emt 0:00:00]} Nf6 {[%emt 0:00:00]} 2. c4 {[%emt 0:00:00]} c5 {[%emt 0:00:00]} 3. e3 {[%emt 0:00:01]} cxd4 {[%emt 0:00:00]} 4. exd4 {[%emt 0:00:04]} d5 {[%emt 0:00:05]} 5. Nc3 {[%emt 0:01:03]} g6 {[%emt 0:05:55]} 6. Nf3 {[%emt 0:02:51]} Bg7 {[%emt 0:00:56]} 7. Be2 {[%emt 0:00:03]} O-O {[%emt 0:01:13]} 8. O-O {[%emt 0:00:05]} Nc6 {[%emt 0:04:12]} 9. h3 {[%emt 0:00:13]} Bf5 {[%emt 0:04:10]} 10. a3 {[%emt 0:20:07]} dxc4 {[%emt 0:02:06]} 11. Bxc4 {[%emt 0:00:06]} Ne4 {[%emt 0:02:30]} 12. Be3 {[%emt 0:03:30]} Rc8 {[%emt 0:01:49]} 13. Ba2 {[%emt 0:07:31]} Nxc3 {[%emt 0:07:32]} 14. bxc3 {[%emt 0:00:25]} Na5 {[%emt 0:00:07]} 15. Rc1 {[%emt 0:06:46]} Nc4 {[%emt 0:02:35]} 16. Qe2 {[%emt 0:14:22]} Be6 {[%emt 0:05:51]} 17. Bg5 {[%emt 0:06:30]} Re8 {[%emt 0:03:15]} 18. Rfe1 {[%emt 0:11:41]} Qa5 {[%emt 0:02:40]} 19. Bxc4 {[%emt 0:02:18]} Bxc4 {[%emt 0:02:55]} 20. Qd2 {[%emt 0:02:56]} Bd5 {[%emt 0:02:20]} 21. c4 {[%emt 0:00:53]} Qxd2 {[%emt 0:02:20]} 22. Nxd2 {[%emt 0:00:03]} f6 {[%emt 0:13:24]} 23. cxd5 {[%emt 0:01:03]} fxg5 {[%emt 0:01:11]} 24. Rxc8 {[%emt 0:01:01]} Rxc8 {[%emt 0:00:04]} 25. Rxe7 {[%emt 0:00:44]} Bxd4 {[%emt 0:04:27]} 26. d6 {[%emt 0:02:56]} Kf8 {[%emt 0:06:08]} 27. Nf3 {[%emt 0:06:45]} Rc1+ {[%emt 0:02:26]} 28. Kh2 {[%emt 0:00:06]} Bc5 {[%emt 0:00:03]} 29. Rxb7 {[%emt 0:04:35]} Bxd6+ {[%emt 0:00:10]} 30. g3 {[%emt 0:00:03]} Rc2 {[%emt 0:15:03]} 31. Nxg5 {[%emt 0:00:50]} Rxf2+ {[%emt 0:01:03]} 32. Kg1 {[%emt 0:00:05]} Ra2 {[%emt 0:01:39]} 33. Nxh7+ {[%emt 0:01:13]} Kg8 {[%emt 0:00:05]} 34. Nf6+ {[%emt 0:00:10]} Kf8 {[%emt 0:00:03]} 35. Nh7+ {[%emt 0:00:06]} Kg8 {[%emt 0:00:04]} 36. Nf6+ {[%emt 0:00:06]} Kf8 {[%emt 0:00:03]} 37. Nh7+ {[%emt 0:05:39]} 1/2-1/2

[Event "Manhem Chess Week-GM 2019"]
[Site "Moelnlycke"]
[Date "2019.08.15"]
[Round "8.1"]
[White "Hector, Jonny"]
[Black "Seo, Jung Min"]
[Result "1/2-1/2"]
[WhiteElo "2487"]
[BlackElo "2399"]
[Annotator "TA"]
[PlyCount "90"]
[EventDate "2019.08.10"]
[EventType "tourn"]
[EventCountry "SWE"]
[SourceTitle "playchess.com"]
[Source "ChessBase"]
[SourceQuality "1"]

{[%evp 10,90,20,13,10,-37,45,62,64,64,55,37,46,55,55,66,46,64,84,-40,-50,-54,228,253,237,0,0,0,0,0,0,0,0,0,0,0,0,0,38,37,32,12,20,13,16,12,19,12,20,4,5,11,15,0,0,0,0,0,29,37,12,12,20,8,8,0,8,8,24,0,8,0,0,0,0,0,0,0,0,0,0,0,0]} 1. e4 c5 2. Nf3 Nc6 3. Nc3 e5 4. Bc4 Be7 5. d3 Nf6 6. Ng5 O-O $1 {B30: Sicilian: 2...Nc6 3 Bb5, lines without ...g6} 7. h4 (7. f4 exf4 8. Bxf4 d5 9. exd5 Nd4 10. Nge4 b5 11. d6 Nxe4 12. dxe7 Qxe7 13. Nxe4 bxc4 14. O-O cxd3 15. cxd3 {½-½ (23) Navara,D (2745)-Radjabov,T (2748) Shamkir 2018}) 7... d6 ({Black should try} 7... h6 $15) 8. Nd5 $14 Nxd5 {White is slightly better.} 9. Bxd5 {[#] aiming for Qh5!} g6 $146 ({Predecessor:} 9... Bxg5 10. hxg5 g6 11. Be3 Be6 12. Bxe6 fxe6 {0-1 (33) Sadnan Hasan,D (1886)-Rahman,T (2226) Dhaka 2019}) 10. f4 exf4 11. Bxf4 Nd4 12. Qd2 Bg4 13. c3 Ne6 14. Bxb7 (14. Nf3 $16) 14... Rb8 $15 15. Bd5 Rxb2 $2 {[%mdl 8192]} (15... h6 $15 {stays ahead.} 16. Nf3 Bxf3 17. gxf3 Bxh4+ 18. Kd1 Nxf4 19. Qxf4 {[%mdl 64] Double Attack} Bg5) 16. Qxb2 $18 Nxf4 {[#]} 17. Qd2 $2 (17. Nxf7 $1 $18 Nxd3+ 18. Kd2 Nxb2 19. Nxd8+ Kh8 20. Nc6) 17... Bxg5 $11 18. hxg5 Nxd5 19. exd5 {And now 0-0 would win.} Re8+ 20. Kf1 {Strongly threatening Re1.} Re5 21. c4 Rxg5 {Threatens to win with ...Qf6+.} 22. Kg1 h5 23. Kh2 Bf5 24. Rhf1 Rg4 25. Rf3 Qf6 26. Re1 Kg7 27. Kg1 Qd4+ 28. Qf2 Qf6 29. Re8 Qa1+ 30. Kh2 Qf6 31. Rf4 Rxf4 32. Qxf4 {[%mdl 4096] Endgame KQR-KQB} g5 33. Qf2 h4 34. g4 hxg3+ 35. Kxg3 a6 36. a4 a5 37. Kg2 Bh7 38. Qe3 Qf5 39. Rb8 Qxd3 {The position is equal.} 40. Qxg5+ Bg6 41. Qg4 Qd2+ 42. Kf1 Qc1+ 43. Kf2 Qd2+ 44. Kf1 Qc1+ 45. Ke2 Qc2+ {Accuracy: White = 48%, Black = 53%.} 1/2-1/2

[Event "Manhem Chess Week-GM 2019"]
[Site "Moelnlycke"]
[Date "2019.08.15"]
[Round "8.2"]
[White "Haubro, Martin"]
[Black "Blomqvist, Erik"]
[Result "1/2-1/2"]
[WhiteElo "2356"]
[BlackElo "2492"]
[Annotator "TA"]
[PlyCount "71"]
[EventDate "2019.08.10"]
[EventType "tourn"]
[EventCountry "SWE"]
[SourceTitle "playchess.com"]
[Source "ChessBase"]
[SourceQuality "1"]

{[%evp 15,71,37,36,20,41,40,26,31,43,36,42,33,33,27,29,34,40,0,41,15,20,0,0,0,0,0,0,0,0,0,0,0,0,0,0,0,0,0,0,0,0,0,0,0,0,0,0,0,0,0,0,0,0,0,0,0,0,0]} 1. e4 c5 2. Nf3 e6 3. d4 cxd4 4. Nxd4 a6 5. Bd3 Bc5 6. Nb3 Ba7 7. O-O Nc6 8. c4 Nf6 9. Nc3 {B42: Sicilian: Kan Variation: 5 Bd3} d6 10. Re1 (10. Qe2 e5 11. Be3 O-O 12. Rac1 Be6 13. Nd5 Nd7 14. Bxa7 Rxa7 15. Qe3 b6 16. Nd2 Nc5 {0-1 (48) Polgar,J (2682)-Smirin,I (2657) Khanty-Mansiysk 2010}) 10... O-O 11. Be3 {White has an edge.} e5 12. Bxa7 Rxa7 13. Qd2 Be6 14. Be2 $146 ({Predecessor:} 14. Bf1 Qc7 15. Rac1 Ne7 {1-0 (48) Gusain,H (2208)-Jefic,S (2143) Chennai 2011}) 14... Qb8 15. Rac1 Rd8 16. Red1 b6 (16... b5 $5) 17. h3 h6 {The position is equal.} 18. Kh2 b5 19. cxb5 axb5 20. Nxb5 Rxa2 21. Rxc6 Bxb3 22. Rdc1 {[%cal Rc6d6]} Be6 {[#] White must now prevent ...Bd7.} ({Avoid the trap} 22... Nxe4 $2 23. Qe3 $18) 23. Qe3 Rxb2 24. Rb6 Qa8 25. Nxd6 Qa2 26. Bc4 Bxc4 27. Rxb2 Qxb2 28. Nxc4 Qb8 29. Na5 {aiming for Nc6.} Qb2 30. Nc4 Qb5 31. Qg3 Nxe4 32. Qxe5 Qxe5+ 33. Nxe5 Nxf2 {[#]} 34. Nxf7 $1 {[%mdl 512]} Kxf7 35. Rf1 Rd2 {Hoping for ...Ke6.} 36. Kg3 {Accuracy: White = 74%, Black = 79%.} 1/2-1/2

[Event "Manhem Chess Week-GM 2019"]
[Site "Moelnlycke"]
[Date "2019.08.15"]
[Round "8.3"]
[White "Lindgren, Philip"]
[Black "Vypkhaniuk, Ihor"]
[Result "1/2-1/2"]
[WhiteElo "2362"]
[BlackElo "2402"]
[Annotator "TA"]
[PlyCount "75"]
[EventDate "2019.08.10"]
[EventType "tourn"]
[EventCountry "SWE"]
[SourceTitle "playchess.com"]
[Source "ChessBase"]
[SourceQuality "1"]

{[%evp 17,75,4,9,11,0,0,0,0,0,0,0,0,12,0,0,0,9,20,40,37,47,43,43,20,33,33,32,21,27,10,17,13,53,71,85,64,60,35,53,53,64,47,74,69,54,24,24,24,25,23,24,25,29,24,34,0,0,0,0,0]} 1. c4 c5 2. Nc3 g6 3. g3 Bg7 4. Bg2 Nc6 5. e3 e6 6. Nge2 Nge7 7. d4 cxd4 8. exd4 d5 9. cxd5 Nxd5 10. Nxd5 {A36: Symmetrical English vs ...g6: 4 Bg2 Bg7} exd5 11. Be3 (11. O-O O-O 12. Be3 Bg4 13. Re1 Re8 14. h3 Bf5 15. Nc3 Be6 16. Qd2 Qd7 17. h4 h5 18. Rac1 Rac8 19. Kh2 Kh7 20. Ne2 Ne7 21. Rxc8 Rxc8 {½-½ (65) Vachier Lagrave,M (2795)-Grischuk,A (2750) chess.com INT 2017}) 11... O-O 12. Qd2 Bf5 13. Nc3 Be6 14. O-O Rc8 15. Rfd1 Re8 16. Rac1 Bf8 $146 ({Predecessor:} 16... Qd7 17. Qc2 Na5 {½-½ (95) Coathup,R (2151)-Lentzos,I (2038) Llandudno 2017}) 17. Bh6 Be7 18. h4 Qd7 19. Qf4 Red8 20. Bf3 Qd6 21. Qe3 Re8 22. Bf4 Qd7 23. Bg5 f6 24. Bh6 Bf7 25. Qf4 f5 26. Bg5 Bf8 27. Bf6 Bd6 28. Qd2 Bf8 29. h5 Qd6 30. hxg6 hxg6 31. Qg5 {[#] And now Nxd5! would win.} Bg7 32. Bxg7 Kxg7 33. Kg2 Rcd8 34. Rh1 Rh8 35. Ne2 Qf6 36. Qxf6+ Kxf6 37. Rxh8 Rxh8 38. Rc5 {Accuracy: White = 73%, Black = 61%.} 1/2-1/2

[Event "Manhem Chess Week-GM 2019"]
[Site "Moelnlycke"]
[Date "2019.08.15"]
[Round "8.4"]
[White "Wiedenkeller, Michael"]
[Black "Ahlander, Bjorn"]
[Result "0-1"]
[WhiteElo "2461"]
[BlackElo "2391"]
[Annotator "TA"]
[PlyCount "80"]
[EventDate "2019.08.10"]
[EventType "tourn"]
[EventCountry "SWE"]
[SourceTitle "playchess.com"]
[Source "ChessBase"]
[SourceQuality "1"]

{[%evp 15,80,0,-8,0,45,29,41,46,35,34,39,33,28,38,81,94,122,118,104,97,104,100,101,56,102,93,100,94,93,56,77,38,46,42,50,19,29,0,0,0,0,0,0,0,0,0,0,0,0,0,0,0,0,0,0,0,0,-212,-204,-29994,-29995,-29995,-29996,-29997,-29998,-29998,-29999]} 1. d4 Nf6 2. c4 e6 3. Nc3 Bb4 4. Qc2 d5 5. a3 Bxc3+ 6. Qxc3 dxc4 7. Qxc4 b6 8. Nf3 O-O 9. Bf4 {E36: Nimzo-Indian: Classical: 4...d5 5 a3} (9. Bg5 Ba6 10. Qa4 c5 11. dxc5 bxc5 12. Rc1 Qb6 13. Bxf6 gxf6 14. Rc2 Rd8 15. e3 Bxf1 16. Rxf1 Nc6 {½-½ (26) Lenderman,A (2637)-Sevian,S (2642) Saint Louis 2019}) 9... Nd5 10. Bg3 Ba6 11. Qc2 {White is slightly better.} c5 12. e4 Bxf1 13. Rxf1 Nf6 14. O-O-O Nbd7 $146 ({Predecessor:} 14... cxd4 15. Rxd4 Nbd7 16. Bc7 Qc8 {1-0 (35) Nilssen,J (2363)-Ulrich,T (2041) Copenhagen 2012}) 15. d5 Re8 {[#]} 16. dxe6 $1 fxe6 17. Rd6 Qe7 18. Rfd1 Nf8 19. Kb1 Rac8 20. Bh4 {Threatens to win with e5.} Qb7 21. Bxf6 gxf6 22. Ka1 b5 23. e5 f5 $1 24. Qd2 Rc7 25. Qa5 b4 26. Rd8 (26. Qa6 {keeps more tension.} bxa3 27. Qxb7 Rxb7 28. bxa3 Reb8 29. Nd2) 26... bxa3 27. Qxa3 Rxd8 28. Rxd8 Rd7 29. Rxd7 $1 Nxd7 30. Qd3 Qc6 31. Qc4 h6 32. Kb1 Kf7 33. Kc2 Nb6 34. Qh4 Nd5 35. b3 Qa6 {Strongly threatening ...Qa2+.} 36. Nd2 $2 (36. Qxh6 $11 {and White is okay.} Qa2+ 37. Kc1 Qa1+ 38. Kd2 Qb2+ 39. Ke1 Qb1+ 40. Kd2 Qb2+ 41. Ke1 Qb1+ 42. Kd2 Qb2+) 36... Qa1 $19 {Hoping for ...Nb4+.} 37. Nc4 $2 {[#]} (37. Kd3 $19) 37... Nb4+ $1 {Black mates.} (37... Qc3+ $2 38. Kb1 $19) 38. Kd2 Qa2+ {[%mdl 64] Double Attack} 39. Ke1 Qb1+ 40. Ke2 Qd3+ 0-1

[Event "Manhem Chess Week-GM 2019"]
[Site "Moelnlycke"]
[Date "2019.08.15"]
[Round "8.5"]
[White "Golubka, Petro"]
[Black "Urkedal, Frode Olav Olsen"]
[Result "1-0"]
[WhiteElo "2483"]
[BlackElo "2566"]
[Annotator "TA"]
[PlyCount "80"]
[EventDate "2019.08.10"]
[EventType "tourn"]
[EventCountry "SWE"]
[SourceTitle "playchess.com"]
[Source "ChessBase"]
[SourceQuality "1"]

{[%evp 18,80,25,26,14,13,27,14,23,0,0,-11,-10,-8,-6,-8,0,-19,-27,-19,-19,-19,-19,-20,-21,-45,-56,-71,-58,-94,-58,-96,-54,-47,-56,-91,-8,-2,-3,-2,-7,-8,110,108,98,72,200,231,222,220,235,225,333,170,172,95,3057,2891,2110,2133,1728,1557,29979,29980,29985]} 1. e4 e5 2. Nf3 Nc6 3. Bb5 a6 4. Ba4 Nf6 5. O-O Be7 6. Re1 b5 7. Bb3 O-O 8. a4 b4 9. d3 d6 10. a5 Rb8 {C88: Closed Ruy Lopez: Anti-Marshall Systems} (10... Be6 11. Bxe6 fxe6 12. Nbd2 d5 13. Nb3 d4 14. Bd2 Rb8 15. Rc1 Rb5 16. h3 Qd6 17. Bg5 Nd7 18. Bxe7 Qxe7 19. Nfd2 Nc5 20. Nc4 Nb7 21. Ra1 Nd6 22. Ncd2 Nb7 23. Nc4 Nd6 24. Ncd2 Nb7 25. Nc4 {½-½ (25) Vachier Lagrave,M (2773)-Aronian,L (2763) Karlsruhe/Baden Baden 2019}) 11. Nbd2 Na7 12. Nc4 c5 {The position is equal.} 13. c3 $146 ({Predecessor:} 13. Bg5 Be6 14. Ncd2 Bxb3 15. Nxb3 Nd5 16. Bxe7 Nxe7 17. Nfd2 f5 18. exf5 Nxf5 {1-0 (36) Martins,A (2018)-Salvador,D (1878) Florianopolis 2017}) 13... Nc6 14. Be3 Bg4 15. Bc2 Be6 16. Nfd2 Ng4 17. h3 Nxe3 18. fxe3 Kh8 19. Rf1 g6 20. Kh1 Bg5 21. Qf3 f5 22. exf5 d5 {[%cal Rf8f5]} 23. Ba4 Rxf5 24. Qg3 Bh4 25. Qh2 dxc4 26. Bxc6 {Black should prevent Rxf5.} cxd3 (26... Qxd3 $2 27. Rxf5 Qxf5 28. Rf1 $18) (26... Bf6 $1 $17 27. Rfd1 cxd3) 27. Rxf5 $11 Bxf5 28. e4 $1 {[%cal Re4f5]} bxc3 29. bxc3 Bf6 (29... Bg5 $11 {remains equal.} 30. Qxe5+ (30. exf5 Qc7 $11) 30... Bf6 31. Qxc5 Be6) 30. exf5 $16 gxf5 31. Rf1 Rb2 (31... Qd6 $16) 32. Nc4 $18 {[%mdl 64] Double Attack} Re2 {[#] With the idea ...Qg8.} 33. Qg1 $1 e4 34. Qxc5 (34. Rxf5 $6 d2 $16) 34... Qg8 (34... d2 $142) 35. Ne3 (35. g3 $142) 35... d2 {[#]} 36. Qxf5 ({Better is} 36. Ba4 $1 $18) 36... Bxc3 $2 {[%mdl 8192]} (36... Qg5 $16 37. Qc8+ {[%mdl 64] Double Attack} (37. Qxf6+ Qxf6 38. Rxf6 Rxe3 $17) (37. Bxe4 $2 Qxf5 38. Bxf5 Rxe3 $19) (37. Qxe4 $2 Qxe3 38. Qxe3 Rxe3 $19) 37... Qg8) 37. Bd5 Qd8 38. Bxe4 {[%csl Ge4][%cal Rf5h7]} Qg8 39. Nd5 Bd4 40. Ne7 Rxe4 {Accuracy: White = 56%, Black = 34%.} 1-0

[Event "Manhem Chess Week-GM 2019"]
[Site "Moelnlycke"]
[Date "2019.08.16"]
[Round "9.1"]
[White "Seo, Jung Min"]
[Black "Haubro, Martin"]
[Result "1/2-1/2"]
[WhiteElo "2399"]
[BlackElo "2356"]
[Annotator "TA"]
[PlyCount "32"]
[EventDate "2019.08.10"]
[EventType "tourn"]
[EventCountry "SWE"]
[SourceTitle "playchess.com"]
[Source "ChessBase"]
[SourceQuality "1"]

{[%evp 9,32,22,24,28,28,32,33,0,9,0,6,0,14,14,10,17,9,0,0,0,13,11,24,-39,-57]} 1. e4 e5 2. Nf3 Nc6 3. Bb5 Nf6 4. d3 Bc5 5. c3 O-O 6. O-O {C65: Ruy Lopez: Berlin Defence (3...Nf6), unusual lines and 4 0-0 Bc5} Re8 (6... d6 7. Ba4 Ne7 8. Bc2 Ng6 9. d4 Bb6 10. a4 c6 11. dxe5 Nxe5 12. Nxe5 dxe5 13. Qxd8 Rxd8 14. a5 Bc5 {1-0 (39) Carlsen,M (2845)-Grischuk,A (2771) Shamkir 2019}) 7. Nbd2 {[%cal Bb1d2,Bd2f1,Bf1g3][%mdl 32]} a6 8. Ba4 {White is slightly better.} b5 9. Bc2 d6 10. h3 Bb6 11. Re1 h6 12. Nf1 d5 13. Qe2 Be6 14. Rd1 $146 ({Predecessor:} 14. Ng3 Qd7 15. b3 Rad8 16. Bd2 d4 17. c4 bxc4 18. bxc4 Bxc4 19. Qd1 {½-½ (19) Patil,P (2139)-Puranik,A (2278) New Delhi 2015}) 14... Qd7 15. Ng3 d4 16. Kh2 (16. Bb3 $11) 16... a5 {Accuracy: White = 46%, Black = 59%.} 1/2-1/2

[Event "Manhem Chess Week-GM 2019"]
[Site "Moelnlycke"]
[Date "2019.08.16"]
[Round "9.2"]
[White "Blomqvist, Erik"]
[Black "Wiedenkeller, Michael"]
[Result "1/2-1/2"]
[WhiteElo "2492"]
[BlackElo "2461"]
[Annotator "TA"]
[PlyCount "42"]
[EventDate "2019.08.10"]
[EventType "tourn"]
[EventCountry "SWE"]
[SourceTitle "playchess.com"]
[Source "ChessBase"]
[SourceQuality "1"]

{[%evp 21,42,10,21,0,0,1,14,15,48,13,21,0,0,0,0,0,0,-14,0,0,14,20,112]} 1. e4 e6 2. d4 d5 3. e5 c5 4. c3 Nc6 5. Nf3 Qb6 6. a3 Bd7 7. b4 cxd4 8. cxd4 Rc8 9. Be3 Nh6 10. Bd3 Ng4 11. O-O Be7 12. Qe1 {C02: French: Advance Variation} (12. Nbd2 Nxe3 13. fxe3 O-O 14. Nb3 Nb8 15. Qe2 a6 16. Nc5 Bb5 17. Bxb5 axb5 18. Rfc1 Qc6 19. Qf1 Nd7 20. a4 bxa4 21. Nxa4 Qa6 22. Qxa6 bxa6 23. Rxc8 Rxc8 {1-0 (53) Yu,Y (2764)-Werle,J (2541) Caleta 2019}) 12... Nxe3 13. fxe3 O-O 14. Nc3 Nb8 15. e4 $146 ({Predecessor:} 15. b5 f5 16. Ne2 Be8 17. Nf4 Bf7 18. h3 Qc7 19. g4 fxg4 20. hxg4 {1-0 (60) Kabanov,N (2481)-Mochalin,F (2064) Khanty-Mansiysk 2018}) 15... dxe4 {The position is equal.} 16. Nxe4 (16. Qxe4 {feels hotter.} g6 17. Qe1 Bc6 18. Be4 a5 19. Rb1) 16... Bb5 17. Qe2 Bxd3 18. Qxd3 h6 19. Rac1 Nc6 20. Kh1 Rcd8 {[%cal Rc6d4]} 21. Rcd1 Rd7 (21... a6 $11 {remains equal.}) 1/2-1/2

[Event "Manhem Chess Week-GM 2019"]
[Site "Moelnlycke"]
[Date "2019.08.16"]
[Round "9.3"]
[White "Vypkhaniuk, Ihor"]
[Black "Golubka, Petro"]
[Result "1/2-1/2"]
[WhiteElo "2402"]
[BlackElo "2483"]
[Annotator "TA"]
[PlyCount "43"]
[EventDate "2019.08.10"]
[EventType "tourn"]
[EventCountry "SWE"]
[SourceTitle "playchess.com"]
[Source "ChessBase"]
[SourceQuality "1"]

{[%evp 23,24,-2,0]} 1. d4 d5 2. c4 c6 3. cxd5 cxd5 4. Nc3 Nf6 5. Bf4 Nc6 6. Nf3 Bf5 7. e3 e6 8. Bd3 Bxd3 9. Qxd3 Bd6 10. Bxd6 Qxd6 11. O-O O-O 12. Rac1 Rfc8 {Predecessor:} 13. a3 $146 a6 14. Na4 Na5 15. Ne5 b5 16. Nc5 Nc4 17. Nxc4 bxc4 18. Qe2 h6 19. e4 Nxe4 20. Nxe4 dxe4 21. Rxc4 Rxc4 22. Qxc4 {½-½ (31) Wang,Y (2690)-Ni,H (2670) China 2018} 1/2-1/2

[Event "Manhem Chess Week-GM 2019"]
[Site "Moelnlycke"]
[Date "2019.08.16"]
[Round "9.4"]
[White "Urkedal, Frode Olav Olsen"]
[Black "Hector, Jonny"]
[Result "1-0"]
[WhiteElo "2566"]
[BlackElo "2487"]
[Annotator "TA"]
[PlyCount "85"]
[EventDate "2019.08.10"]
[EventType "tourn"]
[EventCountry "SWE"]
[SourceTitle "playchess.com"]
[Source "ChessBase"]
[SourceQuality "1"]

{[%evp 13,85,15,15,15,18,16,13,5,14,13,24,25,34,35,32,35,32,25,32,19,22,17,21,16,22,14,17,15,16,15,29,33,37,35,26,18,46,43,46,52,68,71,60,48,62,78,142,131,146,114,179,177,202,191,263,239,309,271,368,356,329,353,641,646,648,647,673,668,674,668,678,669,659,637]} 1. d4 d5 2. c4 c6 3. cxd5 cxd5 4. Nc3 Nf6 5. Bf4 Nc6 6. e3 Bf5 7. Qb3 Na5 8. Qa4+ {D10: Slav Defence: 3 cxd5 (without early Nf3) and 3 Nc3} Bd7 9. Qc2 e6 $146 ({Predecessor:} 9... Rc8 10. Bd3 e6 {1-0 (48) L'Ami,E (2611)-Howell,D (2665) Baku 2016}) 10. Nf3 {The position is equal.} Rc8 11. Bd3 Nc6 12. a3 Nh5 13. Bg5 Be7 14. Bxe7 Qxe7 15. O-O Nf6 16. Rfc1 O-O 17. Qb3 Rfd8 18. h3 Na5 19. Qa2 Nc4 20. Rc2 Nd6 21. Rac1 Nfe4 22. Bxe4 dxe4 23. Nd2 f5 24. Qb3 Kh8 25. Qb4 Rc6 26. Ne2 Qe8 27. Rxc6 Bxc6 28. Qa5 Bb5 29. Nc3 {[%cal Be2c3,Bc3a2,Ba2c1][%mdl 32]} Rc8 (29... Ba6 $142) 30. Qxa7 $16 Qd8 31. Na2 Rxc1+ (31... Bc6 $16 {was called for.}) 32. Nxc1 $18 b6 33. Na2 g5 (33... h6 {keeps fighting.} 34. Nc3 Be8) 34. Nc3 Bc6 35. a4 {[%cal Ba3a4,Ba4a5,Ba5b6][%mdl 32]} f4 {[#]} 36. a5 $1 {[%mdl 512]} fxe3 (36... bxa5 37. Qc5) 37. fxe3 g4 $2 (37... bxa5 38. Qc5 Bb7 39. Qe5+ {[%mdl 64] Double Attack} Kg8 40. Qxe6+ Kf8) 38. Qxb6 {White is clearly winning.} Qxb6 39. axb6 gxh3 40. gxh3 Kg7 41. b3 Kf6 42. Nc4 Ke7 43. Na4 {Accuracy: White = 84%, Black = 40%.} 1-0

[Event "Manhem Chess Week-GM 2019"]
[Site "Moelnlycke"]
[Date "2019.08.16"]
[Round "9.5"]
[White "Ahlander, Bjorn"]
[Black "Lindgren, Philip"]
[Result "1-0"]
[WhiteElo "2391"]
[BlackElo "2362"]
[Annotator "TA"]
[PlyCount "53"]
[EventDate "2019.08.10"]
[EventType "tourn"]
[EventCountry "SWE"]
[SourceTitle "playchess.com"]
[Source "ChessBase"]
[SourceQuality "1"]

{[%evp 21,53,0,57,33,80,89,86,77,109,55,48,34,272,277,264,266,255,285,276,243,333,328,603,602,602,595,616,616,610,615,608,588,683,657]} 1. d4 Nf6 2. c4 e6 3. Nc3 Bb4 4. e3 O-O 5. Bd3 d5 6. Nf3 c5 7. O-O cxd4 8. exd4 dxc4 9. Bxc4 b6 10. Bg5 Bb7 11. Ne5 Be7 (11... h6 $11 12. Bxf6 Qxf6) 12. Qb3 {E54: Nimzo-Indian: Rubinstein: Main Line: 7...dxc4 8 Bxc4} (12. Re1 Nc6 13. Nxc6 Bxc6 14. d5 exd5 15. Nxd5 Bxd5 16. Bxd5 Qxd5 17. Qxd5 Nxd5 18. Bxe7 Rfe8 19. Bg5 Nb4 20. Bd2 {½-½ (31) Lou,Y (2484)-Zhou,J (2615) Tianjin 2018}) 12... Nc6 13. Bxe6 $1 {[%cal Re5f7]} Nxd4 14. Bxf7+ {White is better.} (14. Nxf7 Qb8 $17) 14... Kh8 {[#]} 15. Qd1 $146 ({Better is} 15. Qa4 $1 $16) ({Predecessor:} 15. Qa4 b5 16. Nxb5 Ne2+ 17. Kh1 Ne4 18. Rad1 Qc8 19. f3 Nxg5 {0-1 (53) Ahlander,B (2393)-Nolsoe,E (2236) Klaksvik 2002}) 15... Bc5 $14 16. Bc4 {Black must now prevent Nf7+.} b5 $2 (16... Qc7 $14 17. Bf4 Qc8) 17. Nf7+ $18 ({Worse is} 17. Nxb5 Qe8 $11) 17... Rxf7 18. Bxf7 Qd7 19. Bxf6 $1 gxf6 {[#]} 20. Qh5 $1 b4 21. Nd5 ({Not} 21. Qxc5 bxc3 22. Qh5 Rf8 $11) 21... Rf8 $2 {[#]} (21... Ne2+ 22. Kh1 Bxd5 23. Qxd5 Qxd5 24. Bxd5 Re8) 22. Qxh7+ $1 {[%mdl 576] Decoy. White is clearly winning.} Kxh7 23. Nxf6+ {[%mdl 64] Double Attack} Kh8 {( -> ...Ne2+)} 24. Nxd7 Rxf7 25. Nxc5 Nf3+ 26. Kh1 Bc6 27. Rad1 {Accuracy: White = 63%, Black = 33%.} 1-0